000 01764nam a2200325 a 4500
003 CO-ViMGA
005 20230915233132.0
008 100308s2006 ck gr 0001fdspa d
020 _a9588293138
020 _a9789588293134
040 _aCO-ViMGA
_bspa
_cCO-ViMGA
041 1 _heng
090 _aN CASL1
100 1 0 _aCastellanos, Julio J.
_920431
245 1 3 _aLa impostura
_b
_cJulio J. Castellanos ; traduccion del ingles Paulina Gm̤ez
250 _a1a. edicin̤
260 3 _aBogot
_bVillegas Editores
_c2006
300 _a527 pg̀inas
_c21 cm.
490 _aColeccion̤ plateada. Interes general
490 _aVillegas. Novela policiaca
500 _aDonacion Villegas Editores
520 3 _aLos metodos en absoluto convencionales de Felipe McQuinn, agente encubierto de la CIA, son requeridos nuevamente. En esta oportunidad, McQuinn y el equipo paramilitar de la Central de Inteligencia Americana contarǹ tan sl̤o con tres da̕s para ponerle freno a una situacin̤ que se est c̀onvirtiendo en una conflagracin̤ sin precedentes entre dos de las ms̀ grandes potencias del siglo XXI: la Repb͠lica Popular de China y los Estados Unidos. Esta nueva obra de Julio J. Castellanos, que contiene elementos de la novela negra, es la segunda entrega de la exitosa saga de McQuinn. Desde luego, se trata de un libro que se lee de un tiron, sin respiro, y que ademas toca los temas ms̀ representativos que lideran los titulares de la actualidad mundial.
534 _tMcQuinn.
650 1 4 _aEspias en la literatura
_2LEMB
_921178
650 1 4 _aEspionaje
_vNovela
_2LEMB
_922605
650 1 4 _aNovela cubana
_2LEMB
_98014
650 1 4 _aNovela policiaca cubana
_2LEMB
_920432
700 1 0 _aGm̤ez, Paulina,
_etraductor
_912353
942 _2ddc
_cBK
999 _c9571
_d9571